Piosenki Led Zeppelin - nagła śmierć - Statystyki

Ogólne statystyki
  • Ten quiz został rozwiązany 17 razy
  • Średni wynik to 11 z 20
Answers on the Grid
Answers color-coded by a green-red scale on the quiz's grid according to % correct below.
Stairway To Heaven
Immigrant Song
Whole Lotta Love
Rock And Roll
Black Dog
Good Times Bad Times
Kashmir
Houses Of The Holy
Since I've Been Loving You
All My Love
Celebration Day
Going To California
Ramble On
Heartbreaker
Out On The Tiles
D'yer Mak'er
Dazed And Confused
Communication Breakdown
Fool In The Rain
When The Levee Breaks
Killer Queen
The Prophet's Song
You Give Love A Bad Name
Wind Of Change
Wish You Were Here
Big Log
In The Army Now
Knockin' On Heaven's Door
No More Tears
Waterloo
 
Statystyki odpowiedzi
Odpowiedź % Poprawnych
Stairway To Heaven
92%
Whole Lotta Love
92%
Black Dog
75%
Good Times Bad Times
75%
Immigrant Song
75%
Kashmir
75%
Dazed And Confused
58%
Heartbreaker
58%
Ramble On
58%
All My Love
50%
Communication Breakdown
50%
Celebration Day
42%
Going To California
42%
Houses Of The Holy
42%
Since I've Been Loving You
42%
When The Levee Breaks
42%
D'yer Mak'er
33%
Rock And Roll
33%
Out On The Tiles
25%
Fool In The Rain
17%
Nie znaleziono quizów pasujących do podanych kryteriów
Rozkład punktacji
Procent ludzi z każdym wynikiem
Percentyl według liczby udzielonych odpowiedzi
Twoja historia wyników
Nie rozwiązałeś tego quizu